<?xml version="1.0" encoding="UTF-8"?><?xml-stylesheet type="text/xsl" href="static/style.xsl"?><OAI-PMH xmlns="http://www.openarchives.org/OAI/2.0/" xmlns:xsi="http://www.w3.org/2001/XMLSchema-instance" xsi:schemaLocation="http://www.openarchives.org/OAI/2.0/ http://www.openarchives.org/OAI/2.0/OAI-PMH.xsd"><responseDate>2026-04-14T05:33:13Z</responseDate><request verb="GetRecord" identifier="oai:www.recercat.cat:10459.1/469165" metadataPrefix="marc">https://recercat.cat/oai/request</request><GetRecord><record><header><identifier>oai:recercat.cat:10459.1/469165</identifier><datestamp>2025-12-06T19:58:31Z</datestamp><setSpec>com_2072_3622</setSpec><setSpec>col_2072_479130</setSpec></header><metadata><record xmlns="http://www.loc.gov/MARC21/slim" xmlns:dcterms="http://purl.org/dc/terms/" xmlns:xsi="http://www.w3.org/2001/XMLSchema-instance" xmlns:doc="http://www.lyncode.com/xoai" xsi:schemaLocation="http://www.loc.gov/MARC21/slim http://www.loc.gov/standards/marcxml/schema/MARC21slim.xsd">
   <leader>00925njm 22002777a 4500</leader>
   <datafield ind2=" " ind1=" " tag="042">
      <subfield code="a">dc</subfield>
   </datafield>
   <datafield ind2=" " ind1=" " tag="720">
      <subfield code="a">Reig Córdoba, Gemma</subfield>
      <subfield code="e">author</subfield>
   </datafield>
   <datafield ind2=" " ind1=" " tag="720">
      <subfield code="a">Alegre, S.</subfield>
      <subfield code="e">author</subfield>
   </datafield>
   <datafield ind2=" " ind1=" " tag="720">
      <subfield code="a">López Gatius, Fernando</subfield>
      <subfield code="e">author</subfield>
   </datafield>
   <datafield ind2=" " ind1=" " tag="720">
      <subfield code="a">Iglesias i Castellarnau, Ignasi</subfield>
      <subfield code="e">author</subfield>
   </datafield>
   <datafield ind2=" " ind1=" " tag="260">
      <subfield code="c">2013</subfield>
   </datafield>
   <datafield ind2=" " ind1=" " tag="520">
      <subfield code="a">Nowadays more than 70 active peach breeding programmes are developed around the world, all of them, regardless of country, with their specific objectives. Nevertheless, there is no currently available information comparing different peach cultivars based in their origin in terms of agronomic performance and fruit quality under Mediterranean climatic conditions. For this reason, we evaluated the influence of fruit type, origin (continent and breeding programme) and cultivar on adaptability, production and susceptibility to powdery mildew. A study was carried out on 112 cultivars at the IRTA-Experimental Station of Lleida (Spain) during the 2009 and 2011 seasons in which melting peach cultivars presented better agronomical performance than nectarine, nonmelting peach and flat peach cultivars. Comparing continents, USA versus Europe, in terms of fruit type, melting peach and nectarine cultivars from Europe were best adapted to Mediterranean conditions. According to origin by fruit type, melting peach cultivars from Monteaux-Caillet, ASF, Zaiger and A. Minguzzi showed the best agronomical performance. In the case of nectarine, the ASF, PSB and Bradford breeding programmes provided the most interesting cultivars. The fact that there are only a few breeding programmes for flat peaches makes them all the more interesting to producers. In most of the traits studied important variability among cultivars was recorded, either within the same breeding programme. In spite of these results, the cultivars in each breeding programme were clearly different; this explains why producers tend to adopt the strategy of choosing cultivars from different breeding programmes.</subfield>
   </datafield>
   <datafield ind1="8" ind2=" " tag="024">
      <subfield code="a">http://hdl.handle.net/10459.1/469165</subfield>
   </datafield>
   <datafield tag="653" ind2=" " ind1=" ">
      <subfield code="a">Peach</subfield>
   </datafield>
   <datafield tag="653" ind2=" " ind1=" ">
      <subfield code="a">Cultivars</subfield>
   </datafield>
   <datafield tag="653" ind2=" " ind1=" ">
      <subfield code="a">Breeding programmes</subfield>
   </datafield>
   <datafield tag="653" ind2=" " ind1=" ">
      <subfield code="a">Blooming period</subfield>
   </datafield>
   <datafield tag="653" ind2=" " ind1=" ">
      <subfield code="a">Harvest time</subfield>
   </datafield>
   <datafield ind2="0" ind1="0" tag="245">
      <subfield code="a">Agronomical performance under Mediterranean climatic conditions among peach [Prunus persica L. (Batsch)] cultivars originated from different breeding programmes</subfield>
   </datafield>
</record></metadata></record></GetRecord></OAI-PMH>